|
|
|
|
| LEADER |
01008nam a2200241 a 4500 |
| 001 |
GR-MES10925 |
| 008 |
061013s gr b 001 0 gre d |
| 020 |
|
|
|a 0335190375
|
| 040 |
|
|
|a GrPaTEI
|b gre
|c GR-PaULI
|
| 040 |
|
|
|a GrPaTEI
|b gre
|c GR-PaULI
|
| 100 |
1 |
|
|a Iles, P.
|
| 245 |
1 |
0 |
|a Managing staff selection and assessment /
|c Paul Iles.
|
| 260 |
|
|
|a Buckingham ; Philadelphia :
|b Open University Press,
|c 1999
|
| 300 |
|
|
|a 170σ. ;
|c 22εκ.
|
| 490 |
0 |
|
|a managing work and organizations series
|
| 504 |
|
|
|a Περιλαμβάνει βιβλιογραφικές παραπομπές (σ. 146-156) και ευρετήριο
|
| 650 |
|
0 |
|a Employee selection
|
| 650 |
|
0 |
|a Employees
|x Rating of.
|
| 650 |
|
0 |
|a Employment tests
|
| 942 |
|
|
|2 ddc
|
| 952 |
|
|
|0 0
|1 0
|2 ddc
|4 0
|6 658_311000000000000_2_ILE
|7 0
|9 270181
|a MSLG
|b MSLG
|c BSC
|d 2021-01-17
|e 24
|f 0
|g 0.00
|l 0
|o 658.311 2 ILE
|p 2420000020178
|r 2021-01-17 00:00:00
|t 1
|w 2021-01-17
|y BK15
|x 20061013 0 1
|x GrPaTEI
|
| 971 |
|
|
|a .b25769728
|b 15-04-20
|c 13-09-16
|
| 999 |
|
|
|c 156011
|d 156011
|